000 00705nam a2200205Ii 4500
003 JO-AjNU
008 230605s9999||||xx |||||||||||||| ||und||
040 _aJO-AjNU
_bara
_erda
_cJO-AjNU
041 _aara
050 1 4 _aAC106.M3492
100 3 _aالنلاح، نديم,
_eauthor
_948544
245 0 0 _aمختارات في اللغة والأدب
264 3 1 _aعمان: منشورات وزارة الثقافة، د.ت
300 _a92ص
336 _atext
_btxt
_2rdacontent
337 _aunmediated
_bn
_2rdamedia
338 _avolume
_bnc
_2rdacarrier
490 0 _aسلسلة احياء الثراث الاردني 5
650 4 _aالادب العربي - مقالات ومحاضرات
_948545
999 _aA21266
_c24834
_d24834